| 000 | 00550nam a22001817a 4500 | ||
|---|---|---|---|
| 010 | _aENG-120672 | ||
| 020 |
_a9788186514832 _c1200.00 |
||
| 035 | _aEN-104204 | ||
| 037 | _bDBAD/PUB | ||
| 082 | _a621.438 | ||
| 100 | _aSriramamurthy, AM | ||
| 245 |
_aInvestment casting : _cby AM Sriramamurthy _ba treasure trove / |
||
| 260 |
_aNew Delhi _bDRDO Monographs/Special Publication _c2015 |
||
| 270 |
_aDelhi _bDelhi _e110011 |
||
| 300 |
_axxi,338p. : _b24cm(Hb). _cill. |
||
| 500 | _aInclude index | ||
| 942 |
_2ddc _cEN _h621.438 _mSRI |
||
| 999 |
_c144602 _d144602 |
||